[Event "Tarragona-ch Seniors"]
[Site "Cambrils"]
[Date "2020.03.12"]
[Round "8.9"]
[White "Ferrer Dalmau, Josep Antonio"]
[Black "Negreiro Pozo, Benet"]
[Result "0-1"]
[WhiteElo "1718"]
[BlackElo "1865"]
[PlyCount "62"]
[EventDate "2020.01.23"]
[EventType "swiss"]
[EventRounds "8"]
[EventCountry "ESP"]
[SourceTitle "EXT 2024"]
[Source "ChessBase"]
[SourceDate "2023.10.10"]
[SourceVersion "1"]
[SourceVersionDate "2023.10.10"]
[SourceQuality "1"]

1. d4 d5 2. c4 e6 3. Nc3 Nf6 4. Nf3 a6 5. e3 dxc4 6. Bxc4 b5 7. Bb3 Bb7 8. 0-0 Be7 9. Re1 0-0 10. e4 b4 11. Ne2 Nxe4 12. Bf4 Ng5 13. Nxg5 Bxg5 14. Bxg5 Qxg5 15. Ng3 Nd7 16. Rc1 Rac8 17. Qe2 Nf6 18. f3 Rfd8 19. Rc5 Qf4 20. Rec1 Qxd4+ 21. Kh1 Bd5 22. Bxd5 Nxd5 23. R5c4 Qb6 24. Rc6 Qb5 25. Rxa6 Qxe2 26. Nxe2 c5 27. Ra5 c4 28. Kg1 f5 29. Nd4 Kf7 30. Ra6 Nc7 31. Ra7 Rxd4 0-1

[Event "Tarragona-ch Seniors"]
[Site "Cambrils"]
[Date "2020.03.05"]
[Round "7.11"]
[White "Reyes Brito, Miguel"]
[Black "Negreiro Pozo, Benet"]
[Result "0-1"]
[WhiteElo "1535"]
[BlackElo "1865"]
[PlyCount "116"]
[EventDate "2020.01.23"]
[EventType "swiss"]
[EventRounds "8"]
[EventCountry "ESP"]
[SourceTitle "EXT 2024"]
[Source "ChessBase"]
[SourceDate "2023.10.10"]
[SourceVersion "1"]
[SourceVersionDate "2023.10.10"]
[SourceQuality "1"]

1. c4 e6 2. d4 d5 3. e3 c5 4. Nf3 Nc6 5. Nc3 Nf6 6. Be2 a6 7. b3 Be7 8. 0-0 0-0 9. Ba3 cxd4 10. Bxe7 Qxe7 11. Nxd4 dxc4 12. Nxc6 bxc6 13. Bxc4 Bb7 14. Qe2 Nd5 15. Nxd5 cxd5 16. Bd3 a5 17. Rac1 Rac8 18. f3 Qa3 19. Qd2 g6 20. e4 dxe4 21. fxe4 Qd6 22. Qe2 Qd4+ 23. Kh1 Rxc1 24. Rxc1 Rd8 25. Bc2 Qb4 26. Rd1 Rxd1+ 27. Qxd1 Bxe4 28. h3 Bd5 29. Qe2 Qc3 30. Kh2 Qb2 31. Bd3 Qd4 32. Bc4 Be4 33. Qf1 Qe5+ 34. Kg1 f5 35. Qe1 Kg7 36. Qf2 g5 37. Qb6 Kf6 38. Qd8+ Kg6 39. Qe8+ Kh6 40. Qf8+ Qg7 41. Qxg7+ Kxg7 42. Bxe6 Kf6 43. Bc4 Ke5 44. Kf2 Kd4 45. g3 Bb1 46. a3 Ba2 47. Be6 Ke5 48. Bg8 h6 49. Kf3 a4 50. g4 Bxb3 51. Bh7 Bd1+ 52. Kg3 f4+ 53. Kf2 Kd4 54. Bf5 Kc3 55. Ke1 Bb3 56. Bd7 Kb2 57. Kd2 Kxa3 58. Kc3 Bd5 0-1

[Event "Tarragona-ch Seniors"]
[Site "Cambrils"]
[Date "2020.01.23"]
[Round "1.7"]
[White "Negreiro Pozo, Benet"]
[Black "Alasa Maduell, Josep M"]
[Result "1/2-1/2"]
[WhiteElo "1865"]
[BlackElo "1653"]
[PlyCount "40"]
[EventDate "2020.01.23"]
[EventType "swiss"]
[EventRounds "8"]
[EventCountry "ESP"]
[SourceTitle "EXT 2024"]
[Source "ChessBase"]
[SourceDate "2023.10.10"]
[SourceVersion "1"]
[SourceVersionDate "2023.10.10"]
[SourceQuality "1"]

1. e4 e5 2. Nf3 Nc6 3. Bc4 Bc5 4. c3 Nf6 5. d3 h6 6. Bb3 d6 7. h3 Be6 8. Bc2 Bb6 9. Qe2 0-0 10. Be3 d5 11. Bxb6 axb6 12. Na3 dxe4 13. dxe4 Qe7 14. 0-0 Nh5 15. Nxe5 Nf4 16. Qe3 Qg5 17. Ng4 h5 18. f3 hxg4 19. fxg4 Nxh3+ 20. Qxh3 Bxg4 1/2-1/2

[Event "Tarragona Province-ch"]
[Site "Tarragona"]
[Date "2018.11.11"]
[Round "7.9"]
[White "Negreiro Pozo, Benet"]
[Black "Herreros Rojo, Ivan"]
[Result "1-0"]
[WhiteElo "1919"]
[BlackElo "1889"]
[PlyCount "51"]
[EventDate "2018.09.30"]
[EventType "swiss"]
[EventRounds "9"]
[EventCountry "ESP"]
[SourceTitle "CBM 187 Extra"]
[Source "ChessBase"]
[SourceDate "2018.11.04"]
[SourceVersion "1"]
[SourceVersionDate "2018.11.04"]
[SourceQuality "1"]

1. e4 e5 2. d4 exd4 3. Qxd4 Nc6 4. Qe3 Be7 5. Nc3 Nf6 6. Bd2 d6 7. h3 0-0 8. 0-0-0 a6 9. Bc4 Na5 10. Bd3 b5 11. g4 c5 12. g5 Ne8 13. Nd5 Nc4 14. Bxc4 bxc4 15. Nxe7+ Qxe7 16. Ne2 Rb8 17. Bc3 Nc7 18. Nf4 Bb7 19. Rhe1 Rfe8 20. Nh5 Nb5 21. Bxg7 c3 22. Bxc3 Nxc3 23. Nf6+ Kf8 24. Qxc3 Red8 25. f4 Bc6 26. Nd5 1-0

[Event "Tarragona-chA"]
[Site "Tarragona"]
[Date "2017.10.29"]
[Round "4"]
[White "Negreiro Pozo, Benet"]
[Black "Madria Garriga, Vidal"]
[Result "1/2-1/2"]
[WhiteElo "1948"]
[BlackElo "2029"]
[PlyCount "98"]
[EventDate "2017.10.08"]
[EventType "swiss"]
[EventRounds "9"]
[EventCountry "ESP"]
[SourceTitle "CBM 181 Extra"]
[Source "ChessBase"]
[SourceDate "2017.12.12"]
[SourceVersion "1"]
[SourceVersionDate "2017.12.12"]
[SourceQuality "1"]

1. e4 c5 2. Nf3 g6 3. c3 Bg7 4. d4 cxd4 5. cxd4 d5 6. e5 Bg4 7. Nc3 Nc6 8. Be2 Bxf3 9. Bxf3 e6 10. 0-0 Nge7 11. Bg5 h6 12. Bxe7 Qxe7 13. Qd2 0-0 14. Rfe1 a6 15. a3 b5 16. Rac1 Rac8 17. b4 Rc7 18. Bxd5 Nxd4 19. Qxd4 Rd7 20. Qc5 exd5 21. Qxe7 Rxe7 22. Nxd5 Rxe5 23. Rxe5 Bxe5 24. Rc6 Rd8 25. Ne3 Rd6 26. Rxd6 Bxd6 27. Kf1 f5 28. g3 Kf7 29. Ke2 Be5 30. Nf1 Ke6 31. f4 Bd4 32. Ne3 Bb2 33. Nc2 Kd5 34. Kd3 Bc1 35. Ne1 Bxa3 36. Kc3 Bc1 37. Kc2 Be3 38. Kd3 Bd4 39. Nf3 Bf6 40. Nd2 Be7 41. Kc3 g5 42. fxg5 hxg5 43. h3 Bd8 44. Kd3 a5 45. bxa5 Bxa5 46. Nf3 g4 47. hxg4 fxg4 48. Nh2 Bc7 49. Nxg4 Bxg3 1/2-1/2

[Event "Tarragona-chA"]
[Site "Tarragona"]
[Date "2017.10.22"]
[Round "3"]
[White "Pla Rofes, Aleix"]
[Black "Negreiro Pozo, Benet"]
[Result "0-1"]
[WhiteElo "1761"]
[BlackElo "1948"]
[PlyCount "62"]
[EventDate "2017.10.08"]
[EventType "swiss"]
[EventRounds "9"]
[EventCountry "ESP"]
[SourceTitle "CBM 181 Extra"]
[Source "ChessBase"]
[SourceDate "2017.12.12"]
[SourceVersion "1"]
[SourceVersionDate "2017.12.12"]
[SourceQuality "1"]

1. e4 e5 2. Nf3 d6 3. d4 Nd7 4. Bc4 Nb6 5. Bb3 exd4 6. c3 dxc3 7. 0-0 Be7 8. Re1 Nf6 9. Nxc3 0-0 10. a4 Bg4 11. h3 Bh5 12. g4 Bg6 13. Nd4 c5 14. Nf5 Bxf5 15. gxf5 a6 16. a5 Nbd7 17. Bg5 Ne5 18. Bxf6 Bxf6 19. Nd5 Bh4 20. Qh5 g6 21. fxg6 hxg6 22. Qe2 Nc6 23. f4 Nd4 24. Qg4 Nxb3 25. e5 Nxa1 26. f5 dxe5 27. fxg6 Qg5 28. Nf6+ Kg7 29. Nh5+ Kxg6 30. Nf4+ exf4 31. Re6+ fxe6 0-1

[Event "Tarragona Province-chA"]
[Site "L'Hospitalet Infant"]
[Date "2016.10.23"]
[Round "4"]
[White "Negreiro Pozo, Benet"]
[Black "Fernandez Fuentes, Francisco Javier"]
[Result "1/2-1/2"]
[WhiteElo "1969"]
[BlackElo "2147"]
[PlyCount "45"]
[EventDate "2016.10.02"]
[EventType "swiss"]
[EventRounds "9"]
[EventCountry "ESP"]
[SourceTitle "EXT 2018"]
[Source "ChessBase"]
[SourceDate "2017.10.13"]
[SourceVersion "1"]
[SourceVersionDate "2017.10.13"]
[SourceQuality "1"]

1. e4 c5 2. c3 d5 3. e5 Nc6 4. d4 cxd4 5. cxd4 Qb6 6. Nc3 Qxd4 7. Qxd4 Nxd4 8. Nxd5 Bf5 9. Nc7+ Kd7 10. Nxa8 Nc2+ 11. Kd2 Nxa1 12. Bd3 Nh6 13. Nf3 e6 14. Bxf5 Nxf5 15. Kd3 Bc5 16. g4 Ne7 17. Bg5 Nd5 18. Rxa1 Rxa8 19. Ke2 a5 20. Rc1 b6 21. Ne1 Bd4 22. Nd3 Rh8 23. Rc4 1/2-1/2

[Event "Tarragona Province-chA"]
[Site "L'Hospitalet Infant"]
[Date "2016.10.16"]
[Round "3"]
[White "Negreiro Pozo, Benet"]
[Black "Fosch Ferre, Arnau"]
[Result "1-0"]
[WhiteElo "1969"]
[BlackElo "1545"]
[PlyCount "67"]
[EventDate "2016.10.02"]
[EventType "swiss"]
[EventRounds "9"]
[EventCountry "ESP"]
[SourceTitle "EXT 2018"]
[Source "ChessBase"]
[SourceDate "2017.10.13"]
[SourceVersion "1"]
[SourceVersionDate "2017.10.13"]
[SourceQuality "1"]

1. e4 c5 2. c4 d6 3. Nc3 Nf6 4. g3 Nc6 5. Bg2 Bg4 6. f3 Bd7 7. Nge2 e6 8. 0-0 Be7 9. d4 cxd4 10. Nxd4 Qb6 11. Be3 Qxb2 12. Ndb5 Qb4 13. Rc1 0-0 14. a3 Qa5 15. Nxd6 Bxd6 16. Qxd6 Rfd8 17. Qf4 Ne5 18. Nd5 Nxd5 19. Qxe5 Qxa3 20. exd5 exd5 21. Bd4 f6 22. Qxd5+ Kh8 23. Bc5 Qb3 24. Rfd1 Be8 25. Qxd8 Rxd8 26. Rxd8 Qa4 27. Re1 h6 28. Rexe8+ Kh7 29. f4 f5 30. Bh3 Qa1+ 31. Kg2 Qb2+ 32. Bf2 Qc2 33. Rd5 Kg6 34. Bxf5+ 1-0

[Event "Tarragona Province-ch"]
[Site "Tarragona"]
[Date "2015.10.25"]
[Round "4"]
[White "Negreiro Pozo, Benet"]
[Black "Pujol Codinach, Eduard"]
[Result "1/2-1/2"]
[WhiteElo "2104"]
[BlackElo "2133"]
[PlyCount "38"]
[EventDate "2015.09.27"]
[EventType "swiss"]
[EventRounds "9"]
[EventCountry "ESP"]
[SourceTitle "EXT 2017"]
[Source "ChessBase"]
[SourceDate "2016.10.25"]
[SourceVersion "1"]
[SourceVersionDate "2016.10.25"]
[SourceQuality "1"]

1. d4 Nf6 2. c4 g6 3. Nc3 d5 4. cxd5 Nxd5 5. e4 Nxc3 6. bxc3 Bg7 7. Bc4 c5 8. Ne2 0-0 9. 0-0 Nc6 10. Be3 Qc7 11. Rc1 Rd8 12. Qc2 Na5 13. Qd3 e6 14. a3 b6 15. Ba2 Bb7 16. f3 Rac8 17. Rfd1 Qd7 18. Qb1 cxd4 19. cxd4 Qe7 1/2-1/2

[Event "Tarragona Province-ch"]
[Site "Tarragona"]
[Date "2015.10.11"]
[Round "3"]
[White "Rodriguez Marcos, Jose Ramon"]
[Black "Negreiro Pozo, Benet"]
[Result "1/2-1/2"]
[WhiteElo "2129"]
[BlackElo "2104"]
[PlyCount "54"]
[EventDate "2015.09.27"]
[EventType "swiss"]
[EventRounds "9"]
[EventCountry "ESP"]
[SourceTitle "EXT 2017"]
[Source "ChessBase"]
[SourceDate "2016.10.25"]
[SourceVersion "1"]
[SourceVersionDate "2016.10.25"]
[SourceQuality "1"]

1. e4 e5 2. Nf3 Nc6 3. Bb5 Nge7 4. 0-0 g6 5. c3 Bg7 6. d3 0-0 7. Be3 d5 8. Qc1 Re8 9. h3 Be6 10. Bh6 Bh8 11. Ng5 Qd6 12. Nxe6 Qxe6 13. Nd2 Qd6 14. b4 f5 15. f4 Rad8 16. fxe5 Qxe5 17. d4 Nxd4 18. cxd4 Qxd4+ 19. Kh1 c6 20. Nb3 Qxb4 21. exf5 Bxa1 22. fxg6 hxg6 23. Qxa1 Nf5 24. Bd2 Qxb5 25. Rxf5 gxf5 26. Qf6 Qe2 27. Qg6+ Kh8 1/2-1/2

[Event "Tarragona Province-ch"]
[Site "Hospitalet de l'Infant"]
[Date "2013.11.24"]
[Round "8"]
[White "Negreiro Pozo, Benet"]
[Black "Fernandez Soriano, Ruben"]
[Result "0-1"]
[WhiteElo "1967"]
[BlackElo "2122"]
[PlyCount "98"]
[EventDate "2013.10.06"]
[EventType "swiss"]
[EventRounds "9"]
[EventCountry "ESP"]
[SourceTitle "EXT 2017"]
[Source "ChessBase"]
[SourceDate "2016.10.25"]
[SourceVersion "1"]
[SourceVersionDate "2016.10.25"]
[SourceQuality "1"]

1. e4 c6 2. d4 d5 3. e5 g6 4. c4 Be6 5. cxd5 Bxd5 6. Nc3 Bg7 7. Nxd5 Qxd5 8. Nf3 Nd7 9. Qc2 Nb6 10. b3 e6 11. Bb2 Ne7 12. Bd3 0-0 13. 0-0 Rfd8 14. Rad1 Qd7 15. a3 Nbd5 16. g3 Rac8 17. Ng5 Qc7 18. Ne4 b6 19. Nd6 Rb8 20. f4 Ne3 21. Qe2 Nxd1 22. Rxd1 Rxd6 23. exd6 Qxd6 24. Be4 Rd8 25. Bf3 Nf5 26. Qa6 Bxd4+ 27. Kh1 Qc7 28. Qd3 c5 29. Bc3 Rd6 30. Be1 Bg7 31. Qe2 Nd4 32. Qe4 Nxf3 33. Rxd6 Qxd6 34. Qxf3 Qd5 35. Kg2 Kf8 36. a4 Ke7 37. Bf2 Kd6 38. g4 f5 39. gxf5 exf5 40. Bh4 Qxf3+ 41. Kxf3 Kd5 42. Bd8 Bc3 43. Bc7 c4 44. bxc4+ Kxc4 45. Bb8 a5 46. Ke2 Bd4 47. Kd2 Kb4 48. Kd3 Bc5 49. Be5 Bf8 0-1

[Event "Tarragona Province-ch"]
[Site "Hospitalet de l'Infant"]
[Date "2013.11.17"]
[Round "7"]
[White "Vicient Calvo, Ramon"]
[Black "Negreiro Pozo, Benet"]
[Result "0-1"]
[WhiteElo "1932"]
[BlackElo "1967"]
[PlyCount "70"]
[EventDate "2013.10.06"]
[EventType "swiss"]
[EventRounds "9"]
[EventCountry "ESP"]
[SourceTitle "EXT 2017"]
[Source "ChessBase"]
[SourceDate "2016.10.25"]
[SourceVersion "1"]
[SourceVersionDate "2016.10.25"]
[SourceQuality "1"]

1. d4 d5 2. c4 e6 3. Nc3 Nf6 4. Bf4 dxc4 5. e3 a6 6. a4 c5 7. Nf3 Nc6 8. Bxc4 cxd4 9. exd4 Nd5 10. Bg5 Qa5 11. Bd2 Bb4 12. Qb3 0-0 13. 0-0 Nxc3 14. bxc3 Bd6 15. Bd3 Qh5 16. h3 e5 17. Ng5 h6 18. Ne4 Qg6 19. Qd5 Bc7 20. Nc5 Qd6 21. Qe4 f5 22. Bc4+ Kh8 23. Qh4 exd4 24. g3 Bd8 25. Qh5 Qxc5 26. Ba2 Qd6 27. Bf4 Qf6 28. Rfe1 Ba5 29. Re8 Bd7 30. Rxa8 Rxa8 31. cxd4 Be8 32. Qf3 Nxd4 33. Qd5 Bc6 34. Qxa5 Ne2+ 35. Kh2 Qxa1 0-1

[Event "Tarragona Calbet Memorial"]
[Site "Tarragona"]
[Date "2013.04.20"]
[Round "2"]
[White "Negreiro Pozo, Benet"]
[Black "Capdevila Vallve, Jordi"]
[Result "0-1"]
[WhiteElo "2002"]
[BlackElo "1760"]
[PlyCount "66"]
[EventDate "2013.04.13"]
[EventType "swiss"]
[EventRounds "8"]
[EventCountry "ESP"]
[SourceTitle "EXT 2014"]
[Source "ChessBase"]
[SourceDate "2013.11.20"]
[SourceVersion "1"]
[SourceVersionDate "2013.11.20"]
[SourceQuality "1"]

1. e4 c6 2. d4 d5 3. e5 Bf5 4. c4 e6 5. Nc3 Nd7 6. cxd5 exd5 7. Be3 Bb4 8. Nge2 Ne7 9. Ng3 Bg6 10. f4 Qa5 11. Qd2 Nb6 12. Be2 Na4 13. Rc1 Nxc3 14. bxc3 Ba3 15. Rd1 Nf5 16. Nxf5 Bxf5 17. g4 Be4 18. 0-0 Qd8 19. f5 Be7 20. g5 f6 21. gxf6 gxf6 22. e6 Rg8+ 23. Kf2 Bxf5 24. Bh5+ Bg6 25. Rg1 Qc7 26. Bf4 Bd6 27. Bg3 0-0-0 28. Bg4 Bxg3+ 29. hxg3 Kb8 30. Rde1 Rde8 31. Re3 Re7 32. Rge1 Be4 33. c4 Rxg4 0-1

[Event "Catalunya-chT"]
[Site "Catalunya"]
[Date "2012.03.03"]
[Round "6.10"]
[White "Negreiro Pozo, Benet"]
[Black "Subirats Ruiz, Sergi"]
[Result "1/2-1/2"]
[WhiteElo "1989"]
[BlackElo "2160"]
[PlyCount "94"]
[EventDate "2012.01.28"]
[EventType "team-tourn"]
[EventRounds "11"]
[EventCountry "ESP"]
[SourceTitle "EXT 2013"]
[Source "ChessBase"]
[SourceDate "2012.11.22"]
[SourceVersion "1"]
[SourceVersionDate "2012.11.22"]
[SourceQuality "1"]
[WhiteTeam "Tarragona"]
[BlackTeam "Colon Sabadell"]
[WhiteTeamCountry "ESP"]
[BlackTeamCountry "ESP"]

1. e4 e5 2. Nf3 Nc6 3. Bc4 Bc5 4. 0-0 d6 5. c3 Nf6 6. d4 Bb6 7. dxe5 Nxe5 8. Nxe5 dxe5 9. Qxd8+ Kxd8 10. Bg5 Ke7 11. Nd2 Be6 12. Bxf6+ Kxf6 13. Bxe6 Kxe6 14. Nc4 Bc5 15. b4 Be7 16. g3 Rhd8 17. Rad1 g6 18. Kg2 c6 19. f4 exf4 20. gxf4 f5 21. Kf3 fxe4+ 22. Kxe4 Rd5 23. Ne3 Rh5 24. f5+ gxf5+ 25. Nxf5 Rg8 26. Nxe7 Kxe7 27. Rd2 Rg4+ 28. Rf4 Rg1 29. Rff2 Rh4+ 30. Kd3 Rh3+ 31. Kc2 Rg4 32. Rfe2+ Kf6 33. a4 a5 34. b5 Rc4 35. Rf2+ Kg6 36. Rg2+ Kh5 37. Rd3 Rxd3 38. Kxd3 Rxa4 39. bxc6 bxc6 40. Rg7 h6 41. Rc7 Kg5 42. Rxc6 h5 43. Rc5+ Kg4 44. Rc4+ Rxc4 45. Kxc4 Kh3 46. Kb5 Kxh2 47. c4 Kg3 1/2-1/2

[Event "Tarragona Province-chA"]
[Site "Tarragona"]
[Date "2008.06.07"]
[Round "8"]
[White "Negreiro Pozo, Benet"]
[Black "Caballero Gomez Casero, Emilio"]
[Result "1-0"]
[WhiteElo "2003"]
[BlackElo "1848"]
[PlyCount "55"]
[EventDate "2008.04.19"]
[EventType "swiss"]
[EventRounds "8"]
[EventCountry "ESP"]
[SourceTitle "EXT 2019"]
[Source "ChessBase"]
[SourceDate "2018.10.10"]
[SourceVersion "1"]
[SourceVersionDate "2018.10.10"]
[SourceQuality "1"]

1. e4 e5 2. Nf3 Nc6 3. d4 exd4 4. c3 d3 5. Bxd3 d6 6. Bf4 Bg4 7. Nbd2 Nf6 8. Qc2 Be7 9. h3 Bd7 10. 0-0-0 0-0 11. g4 b5 12. e5 Nd5 13. Bg3 b4 14. Bxh7+ Kh8 15. Ne4 bxc3 16. Nxc3 Ncb4 17. Qe4 Nxc3 18. bxc3 Nxa2+ 19. Kb2 Nxc3 20. Kxc3 d5 21. Qxd5 c6 22. Qe4 Qa5+ 23. Kd3 c5 24. Ke3 Rab8 25. Rxd7 Rb4 26. Qd5 Kxh7 27. Rxe7 Qa3+ 28. Qd3+ 1-0